00672nam a2200193 a 450000100100000000500170001000800410002702000150006804000250008310000310010824500520013926000370019130000380022849000310026650000210029783000380031895201050035699900170046100004389020201002045029.0140508s1994 sp 001 0 spa d a8488370075 aDO-SdBNPbspacBNPHU1 aArmiñan, Jaime de97178410aDiario en Blanco y Negro /cJaime de Armiñan. aMadrid :bNickel Odeón,c1994. a361 p., [32] p. de lam. ;c22 cm.1 aNickel Odeón presentav7 aIncluye índice 0aNickel Odeón presentav7971785 001050718MOaGRbGRcCTd2014-05-08iLF1l0o p43890-10r2020-06-25w2020-06-25y1ZNo se presta c43379d43379